| 000 | 00649nam a2200217 a 4500 | ||
|---|---|---|---|
| 001 | 16327 | ||
| 003 | CO-ViMGA | ||
| 008 | 141112s2004 ck r 000 u spa d | ||
| 020 | _a9583006521 | ||
| 040 |
_aCO-ViMGA _bspa _cCO-ViMGA |
||
| 082 | 0 | 4 | _aVER |
| 100 | 1 |
_aTruque, Sonia Nadhezda; Hernández, Carlos Nicolás _923349 |
|
| 245 | 1 | 0 | _aVersos de animales y otros disparates |
| 260 |
_aBogotá : _bPanAméricana, _c2000 |
||
| 300 | _a78.p. | ||
| 490 | _aCorcel | ||
| 590 | _aForma de adquisición : Premio - Mincultura | ||
| 650 | 1 | 4 |
_aANIMALES - POESIAS - COLECCIONES _923350 |
| 650 | 1 | 4 |
_aPOESIA INFANTIL - COLECCIONES _923351 |
| 942 |
_2ddc _cBK |
||
| 999 |
_c3120 _d3120 |
||